Fonchito y la luna / (Registro nro. 9884)
[ vista simple ]
| 000 -LIDER | |
|---|---|
| fixed length control field | 00768cam a22002537i 4500 |
| 001 - NÚMERO DE CONTROL | |
| Identificador de número de control | 4770841 |
| 003 - IDENTIFICACDOR DE NÚMERO DE CONTROL | |
| control field | DO-SdBNP |
| 005 - DATE AND TIME OF LATEST TRANSACTION | |
| control field | 20230524131159.0 |
| 008 - ELEMENTOS DE LONGITUD FIJA | |
| fixed length control field | 180221b 2010 sp 00| 0 spa d |
| 020 ## - ISBN | |
| International Standard Book Number | 9788420405896 |
| 040 ## - FUENTE DE CATALOGACIÓN | |
| Agencia que crea de manera original el registro | BPMSU |
| Idioma de catalogación | spa |
| Agencia que realiza la transcripción | BPMSU |
| 080 ## - NÚMERO DE CLASIFICACIÓN DECIMAL UNIVERSAL | |
| Universal Decimal Classification number | |
| 082 #4 - NÚMERO DE CLASIFICACIÓN DECIMAL DE DEWEY | |
| Classification number | Pe863.44 |
| Item number | V297f 202010 |
| Edition number | 22 |
| 100 1# - ASIENTO PRINCIPAL -- NOMBRE PERSONAL | |
| Nombre personal | Vargas Llosa, Mario |
| Fechas asociadas con el nombre | 1936- |
| 9 (RLIN) | 15 |
| 245 10 - MENCIÓN DE TITULO | |
| Título | Fonchito y la luna / |
| Mención de responsabilidad | Mario Vargas Llosa ; ilustraciones Marta Chicote Juiz |
| 260 ## - PUBLICACIÓN, DISTRIBUCIÓN, ETC. (PIE DE IMPRENTA) | |
| Lugar de publicación, distribución, etc | Madrid : |
| Nombre del editor, distribuidor, etc. | Alfaguara, |
| Fecha de publicación, distribución, etc | 2010 |
| 300 ## - DESCRIPCIÓN FÍSICA | |
| Extensión | varias paginaciones |
| Dimensiones | 21 cm. |
| 590 ## - NOTA LOCAL | |
| Enlace | Inventariado, 2023/VM |
| 650 #4 - ENCABEZAMIENTO DE MATERIA--TEMÁTICO | |
| Término temático o nombre geográfico como elemento de entrada | Cuentos infantiles peruanos |
| 650 #4 - ENCABEZAMIENTO DE MATERIA--TEMÁTICO | |
| Término temático o nombre geográfico como elemento de entrada | Libros ilustrados infantiles. |
| 700 1# - ASIENTO SECUNDARIO -- NOMBRE PERSONAL | |
| Nombre personal | Chicote Juiz, Marta |
| Numeración | il. |
| 910 ## - VALIDACIÓN | |
| Validación | VMateo V. Control de calidad (BPMSU) |
| 942 ## - ADDED ENTRY ELEMENTS (KOHA) | |
| Source of classification or shelving scheme | Dewey Decimal Classification |
| Koha item type | Libros |
| Withdrawn status | Lost status | Source of classification or shelving scheme | Damaged status | Not for loan | Collection code | Home library | Current library | Date acquired | Source of acquisition | Full call number | Barcode | Date last seen | Price effective from | Koha item type | Copy number |
|---|---|---|---|---|---|---|---|---|---|---|---|---|---|---|---|
| Dewey Decimal Classification | Colección Infantil General | Biblioteca Pública Metropolitana Salomé Ureña | Biblioteca Pública Metropolitana Salomé Ureña | 04/21/2016 | FUNDI | BPMSU CGI Pe863.44 V297f 202010 | BPMSU16040620 | 04/21/2016 | 04/21/2016 | Libros | |||||
| Dewey Decimal Classification | Colección Infantil General | Biblioteca Pública Metropolitana Salomé Ureña | Biblioteca Pública Metropolitana Salomé Ureña | 01/12/2017 | Afaguara | BPMSU CGI Pe863.44 V297f 2010 | BPMSU17010009 | 01/12/2017 | 01/12/2017 | Libros | e.2 | ||||
| Dewey Decimal Classification | Colección Infantil General | Biblioteca Pública Metropolitana Salomé Ureña | Biblioteca Pública Metropolitana Salomé Ureña | 01/12/2017 | Afaguara | BPMSU CGI Pe863.44 V297f 2010 | BPMSU17010010 | 01/12/2017 | 01/12/2017 | Libros | e 3 |